| 000 | 00676nam a22002297a 4500 | ||
|---|---|---|---|
| 001 | 32436 | ||
| 003 | UA-OsUOA | ||
| 005 | 20211206223024.0 | ||
| 007 | ta | ||
| 008 | 20050202b un ||||| |||| 00| 0 ukr d | ||
| 040 |
_aUA-OsUOA _bukr _cUA-OsUOA _dUA-OsUOA |
||
| 041 | _aukr | ||
| 044 | _aUA | ||
| 080 | _a94(477).05 | ||
| 090 |
_a94(477).05 _bС29 |
||
| 245 |
_aСелянський рух на Україні: середина XVIII-перша чверть XIX ст. _cред. М. Н. Лещенко ; упоряд. Л. З. Гісцова |
||
| 260 |
_aКиїв _bНаукова думка _c1978 |
||
| 300 | _a534 с. | ||
| 650 | 7 | _2UDC | |
| 942 |
_cBK _2udc |
||
| 955 | _a0 | ||
| 999 |
_c318880 _d318880 |
||